000 00483nam a2200181Ia 4500
005 20250508153905.0
008 008 250505s9999 xx 000 0 hin d
037 _aTextual
040 _aFEDL
_beng
_cFEDL
041 _ahin
_2hin
084 _a942, SHA
_qFEDL
100 _aSharma RadhaKrishan
_9762256
245 0 _aGreat Britain ka itihas
260 _aAllahabad, India
_bKitab Mahal
300 _a320p.
942 _cTEXL
_h942, SHA
999 _c1346167
_d1346167